| 000 | 00987nam a2200265 a 4500 | ||
|---|---|---|---|
| 001 | 000020957 | ||
| 005 | 20250520120032.0 | ||
| 008 | 100824s1970 ag r 000 0 spa d | ||
| 040 |
_aDO-SdBNP _bspa _cBNPHU |
||
| 041 | 1 | 7 |
_aspa _heng _2Código de idioma MARC |
| 082 |
_a371.3 _bE23m |
||
| 100 | 1 |
_aEdge, Findley B., _d1916-2002 _943891 |
|
| 240 | 1 | 0 |
_aHelping the teacher. _lEspañol. |
| 245 | 1 | 0 |
_aMetodología pedagógica / : _bFindley B. Edge ; traducción de Celia Mendoza y Sara P. Molina. |
| 260 |
_aBuenos Aires, (Argentina) : _bCasa Bautista de Publicaciones, _c1970. |
||
| 300 |
_a155 p. ; _c22 cm. |
||
| 504 | _aIncluye referencias bibliográficas y notas al pie de las páginas. | ||
| 534 |
_pTítulo original inglés: _tHelping the teacher. |
||
| 650 | 4 |
_aMetodología en pedagogía _917525 |
|
| 650 | 4 |
_aMetodos de enseñanzas _943892 |
|
| 650 | 0 |
_aPsicopedagogía _91570 |
|
| 700 | 1 |
_aMendoza, Celia, _etr. _943893 |
|
| 700 | 1 |
_aMolina, Sara P. _943894 |
|
| 049 | _aBNGR | ||
| 999 |
_c20460 _d20460 |
||